[Event "Sant Gregori Ajuntament op-A 1st"]
[Site "Sant Gregori"]
[Date "2016.07.??"]
[Round "3.13"]
[White "Coll Motje, Aniol"]
[Black "Garcia Calleja, Rafael"]
[Result "0-1"]
[WhiteElo "1670"]
[BlackElo "1848"]
[PlyCount "86"]
[EventDate "2016.07.04"]
[EventType "tourn"]
[EventRounds "7"]
[EventCountry "ESP"]
[SourceTitle "EXT 2024"]
[Source "ChessBase"]
[SourceDate "2023.10.10"]
[SourceVersion "1"]
[SourceVersionDate "2023.10.10"]
[SourceQuality "1"]

1. e4 e6 2. Nc3 b6 3. Nf3 Bb7 4. Bc4 Nf6 5. d3 Bb4 6. Bd2 0-0 7. 0-0 d5 8. exd5 Nxd5 9. Bxd5 Bxc3 10. Bxb7 Bxd2 11. Qxd2 Nd7 12. Bxa8 Qxa8 13. Qc3 c5 14. d4 Rc8 15. Qd3 Rd8 16. Rad1 Nf6 17. Qc4 cxd4 18. Rxd4 Rc8 19. Qe2 h6 20. Rfd1 Kh7 21. R1d2 g5 22. Qd1 Ne4 23. R2d3 Nc5 24. Rc3 f6 25. b4 e5 26. Rd6 Ne4 27. Rd7+ Kg6 28. Rxc8 Qxc8 29. Rxa7 Qc3 30. Ra4 b5 31. Ra7 Qxb4 32. h3 Qc5 33. Rd7 Qxf2+ 34. Kh2 Qg3+ 35. Kh1 Nf2+ 36. Kg1 Nxd1 37. Rxd1 Qf4 38. Kf2 Qc4 39. Rd2 Qxa2 40. g4 Qc4 41. Re2 b4 42. Ne1 b3 43. cxb3 Qxb3 0-1